Ricostruisci la Carriera del Calciatore - Thiago Motta - Statistics

Statistiche generali
  • Questo quiz è stato fatto 70 volte
  • Il punteggio medio è 5 su 6
Statistiche sulle risposte
Hint Risposta % Corretto
2012-2018 Paris Saint-Germain
94%
2001-2007 Barcellona
89%
2009-2012 Inter
86%
1999-2001 Barcellona B
83%
2007-2008 Atlético Madrid
81%
2008-2009 Genoa
78%
Nessun quiz corrispondente trovato
Distribuzione punteggi
Percentuale di utenti per punteggio
Percentile per numero di risposta
I tuoi punteggi nel tempo
Non hai fatto questo quiz